000 00667nam a22002297a 4500
001 BR6005886
003 BR-BrBNA
005 20230928095559.0
007 ta
008 230509b bl.||||| |||| 00| 0 por d
040 _aBR-BrBNA
_bpor
_cBiblioteca Nacional de Agricultura
041 _a(Por)
072 _aE30
090 _ E30 BR6005886
110 1 _aFundacao para o Desenvolvimento Industrial do Nordeste, Recife, PE (Brasil)
_95017
245 1 _aPor que o Nordeste e a melhor escolha e a Bahia tambem
260 3 _aRecife, PE (Brasil):
_c[nd].
300 _a21 p.
500 _aPublished after 1971
909 _a202309
_bLucia
_c55
_dLucia Elande
942 _cBK
999 _c57416
_d57416